| 000 | 00595nam a2200193 i 4500 | ||
|---|---|---|---|
| 001 | 141407 | ||
| 003 | ES-MaACL | ||
| 007 | t| | ||
| 008 | 070924s1954 sp ||||1| spa d | ||
| 080 | _a86-311.2"19" | ||
| 100 | 1 |
_aVillarta, Angeles. _9115149 |
|
| 245 | 1 | 4 |
_aUna mujer fea _b: novela / _cpor Angeles Villarta. |
| 260 |
_aMadrid : _bColenda, _c1954 ( _fSelecciones Gráficas) |
||
| 300 |
_a389 p. ; _c18 cm. |
||
| 490 | 1 | _aGrandes novelistas de nuestro tiempo | |
| 830 | 0 |
_aGrandes novelistas de nuestro tiempo _9182885 |
|
| 852 |
_aES-MaACL _jC-7420 _bR.35818 |
||
| 999 |
_c141407 _d141407 |
||